000 00301nam a22001337a 4500
008 190205b xxu||||| |||| 00| 0 eng d
020 _a0155136828
041 _aeng
080 _a321
100 _a15
101 _aSHP
245 _aContemporary Public Administration
_cVocino, Th
942 _2udc
_cBK
999 _c53997
_d53997